Diamond : (Record no. 110534)

MARC details
000 -LEADER
campo de control de longitud fija 01095cam a2200313Ia 4500
001 - NÚMERO DE CONTROL
campo de control 51186
005 - FECHA Y HORA DE LA ÚLTIMA TRANSACCIÓN
campo de control 20230411090005.0
008 - DATOS DE LONGITUD FIJA--INFORMACIÓN GENERAL
campo de control de longitud fija 020912r20022001nyuab b 001 0 eng
035 ## - NÚMERO DE CONTROL DEL SISTEMA
Número de control de sistema (OCoLC)ocm50591646
040 ## - FUENTE DE CATALOGACIÓN
Centro catalogador/agencia de origen NMP
Centro/agencia transcriptor NMP
Centro/agencia modificador MEA
-- GZQ
-- OCLCQ
-- BAKER
-- IHI
020 ## - NÚMERO INTERNACIONAL ESTÁNDAR DEL LIBRO
Número Internacional Estándar del Libro 0452283701 (pbk.)
020 ## - NÚMERO INTERNACIONAL ESTÁNDAR DEL LIBRO
Número Internacional Estándar del Libro 9780452283701 (pbk.)
035 ## - NÚMERO DE CONTROL DEL SISTEMA
Número de control de sistema (OCoLC)50591646
092 ## - ASIGNACIÓN LOCAL DE SIGNATURA TOPOGRÁFICA DEWEY (OCLC)
Número de clasificación 553.82
Número de ítem Ha
090 ## - LOCALMENTE ASIGNADO TIPO-LC NÚMERO DE CLASIFICACIÓN (OCLC); NÚMERO DE CLASIFICACIÓN LOCAL (RLIN)
Número de clasificación (OCLC) (R) ; Numero de clasificación, CALL (RLIN) (NR) TS753
Número cutter local (OCLC) ; Número de libro/Signatura topográfica íntegra, CALL (RLIN) H326d 2002
049 ## - FONDOS LOCALES (OCLC)
Biblioteca depositaria GRAL
100 1# - ENTRADA PRINCIPAL--NOMBRE DE PERSONA
Nombre de persona Hart, Matthew,
Fechas asociadas al nombre 1945-
245 10 - MENCIÓN DEL TÍTULO
Título Diamond :
Resto del título the history of a cold-blooded love affair /
Mención de responsabilidad, etc. Matthew Hart.
260 ## - PUBLICACIÓN, DISTRIBUCIÓN, ETC.
Lugar de publicación, distribución, etc. New York :
Nombre del editor, distribuidor, etc. Plume,
Fecha de publicación, distribución, etc. 2002.
300 ## - DESCRIPCIÓN FÍSICA
Extensión 276 p. :
Otras características físicas ill. maps ;
Dimensiones 22 cm.
500 ## - NOTA GENERAL
Nota general Previous edition titled: Diamond: a journey to the heart of an obsession (New York : Walker & Company, 2001).
504 ## - NOTA DE BIBLIOGRAFÍA, ETC.
Nota de bibliografía, etc. Includes bibliographical references (p. [255]-258) and index.
650 #0 - PUNTO DE ACCESO ADICIONAL DE MATERIA--TÉRMINO DE MATERIA
Término de materia o nombre geográfico como elemento de entrada Diamonds
Subdivisión general History.
650 #0 - PUNTO DE ACCESO ADICIONAL DE MATERIA--TÉRMINO DE MATERIA
Término de materia o nombre geográfico como elemento de entrada Diamond industry and trade
Subdivisión general History.
938 ## -
-- Baker & Taylor
-- BKTY
-- 15.00
-- 11.25
-- 0452283701
-- 0004016979
-- active
942 ## - ELEMENTOS DE ENTRADA SECUNDARIOS (KOHA)
Fuente del sistema de clasificación o colocación Clasificación de Library of Congress
Tipo de ítem Koha
994 ## -
-- C0
-- DRFGD
946 ## - PROCESAMIENTO DE INFORMACIÓN LOCAL (OCLC)
a csexposito
Holdings
Estatus retirado Estado de pérdida Fuente del sistema de clasificación o colocación Estado de daño No para préstamo Colección Biblioteca de origen Biblioteca actual Ubicación en estantería Fecha de adquisición Código de barras Visto por última vez Copia número Tipo de ítem Koha
    Clasificación de Library of Congress     Automatización y Procesos Técnicos Biblioteca Juan Bosch Biblioteca Juan Bosch Automatización y Procesos Técnicos (1er. Piso) 11/04/2023 00000053084 17/02/2019 1